[Event "Taastrup 30th Aniversary Open"]
[Site "Taastrup"]
[Date "2002.11.28"]
[Round "7"]
[White "Aagaard, Jacob"]
[Black "Hartvig, Ove Weiss"]
[Result "1/2-1/2"]
[WhiteElo "2371"]
[BlackElo "2286"]
[PlyCount "37"]
[EventDate "2002.11.22"]
[EventType "swiss"]
[EventRounds "9"]
[EventCountry "DEN"]
[Source "ChessBase"]
[SourceDate "2003.01.09"]

1. e4 c5 2. c3 g6 3. d4 cxd4 4. cxd4 Bg7 5. Nc3 d6 6. Nf3 Nf6 7. Bb5+ Bd7 8.
Bxd7+ Qxd7 9. O-O O-O 10. Qe2 Nc6 11. Bg5 h6 12. Be3 Ng4 13. Bd2 Rac8 14. Rad1
Nxd4 15. Nxd4 Bxd4 16. h3 Bxc3 17. bxc3 Nf6 18. Bxh6 Rfe8 19. Rfe1 1/2-1/2

[Event "Taastrup 30th Aniversary Open"]
[Site "Taastrup"]
[Date "2002.11.23"]
[Round "2"]
[White "Aagaard, Jacob"]
[Black "Lund, Silas"]
[Result "1/2-1/2"]
[WhiteElo "2371"]
[BlackElo "2329"]
[PlyCount "23"]
[EventDate "2002.11.22"]
[EventType "swiss"]
[EventRounds "9"]
[EventCountry "DEN"]
[Source "ChessBase"]
[SourceDate "2003.01.09"]

1. d4 d5 2. c4 e6 3. Nc3 Nf6 4. Bg5 Be7 5. e3 O-O 6. Nf3 Nbd7 7. Rc1 h6 8. Bh4
b6 9. cxd5 exd5 10. Bd3 Bb7 11. O-O c5 12. Qe2 1/2-1/2

[Event "Taastrup 30th Aniversary Open"]
[Site "Taastrup"]
[Date "2002.11.30"]
[Round "9"]
[White "Aagaard, Jacob"]
[Black "Raetsky, Alexander"]
[Result "1/2-1/2"]
[WhiteElo "2371"]
[BlackElo "2423"]
[PlyCount "30"]
[EventDate "2002.11.22"]
[EventType "swiss"]
[EventRounds "9"]
[EventCountry "DEN"]
[Source "ChessBase"]
[SourceDate "2003.01.09"]

1. e4 c5 2. Nf3 d6 3. d4 cxd4 4. Nxd4 Nf6 5. Nc3 a6 6. Bg5 e6 7. f4 Be7 8. Qf3
Nbd7 9. O-O-O Qc7 10. g4 b5 11. Bxf6 Nxf6 12. g5 Nd7 13. f5 Bxg5+ 14. Kb1 Ne5
15. Qh5 Qd8 1/2-1/2

[Event "Taastrup 30th Aniversary Open"]
[Site "Taastrup"]
[Date "2002.11.22"]
[Round "1"]
[White "Aagaard, Jacob"]
[Black "Pedersen, Hans Dahl"]
[Result "0-1"]
[WhiteElo "2371"]
[BlackElo "2211"]
[PlyCount "126"]
[EventDate "2002.11.22"]
[EventType "swiss"]
[EventRounds "9"]
[EventCountry "DEN"]
[Source "ChessBase"]
[SourceDate "2003.01.09"]

1. e4 c6 2. d4 d5 3. exd5 cxd5 4. c4 Nf6 5. Nc3 Nc6 6. Nf3 Be6 7. cxd5 Bxd5 8.
Be2 e6 9. O-O Be7 10. Be3 O-O 11. Rc1 Rc8 12. a3 Qa5 13. Nxd5 Nxd5 14. Qb3 Qb6
15. Qxb6 Nxb6 16. Bb5 Nb8 17. Bd3 Nd5 18. Be4 Rxc1 19. Rxc1 Rd8 20. Bxd5 exd5
21. Ne5 Bd6 22. Nd3 Nc6 23. b4 a6 24. Kf1 Re8 25. h3 f6 26. Nc5 Bxc5 27. dxc5
Re4 28. Bd2 Kf7 29. f3 Rc4 30. Rb1 Rc2 31. Ke2 Ne5 32. Kd1 Ra2 33. b5 Nc4 34.
Bc1 Ke6 35. c6 bxc6 36. b6 Nd6 37. Bb2 Kd7 38. Bxf6 Rxg2 39. Bd4 Nb7 40. Rb3 g6
41. Re3 c5 42. Bf6 Kc6 43. Re6+ Kb5 44. a4+ Kxa4 45. Re7 Na5 46. b7 Nxb7 47.
Rxb7 Rf2 48. Rxh7 Rxf3 49. Be7 Kb5 50. Rh8 Kc4 51. Ke2 Rf5 52. Bd6 d4 53. Bg3
Kc3 54. Rd8 a5 55. Be1+ Kc2 56. Bxa5 Re5+ 57. Kf1 d3 58. Be1 c4 59. Rd6 Rf5+
60. Kg2 c3 61. Bxc3 Kxc3 62. Rxg6 d2 63. Rc6+ Kd4 0-1

[Event "Taastrup 30th Aniversary Open"]
[Site "Taastrup"]
[Date "2002.11.25"]
[Round "4"]
[White "Bromann, Thorbjorn"]
[Black "Raetsky, Alexander"]
[Result "1/2-1/2"]
[WhiteElo "2366"]
[BlackElo "2423"]
[PlyCount "312"]
[EventDate "2002.11.22"]
[EventType "swiss"]
[EventRounds "9"]
[EventCountry "DEN"]
[Source "ChessBase"]
[SourceDate "2003.01.09"]

1. e4 c5 2. Nf3 Nc6 3. d4 cxd4 4. Nxd4 Nf6 5. Nc3 e6 6. Ndb5 Bb4 7. a3 Bxc3+ 8.
Nxc3 d5 9. exd5 exd5 10. Bd3 O-O 11. O-O h6 12. Bf4 d4 13. Nb5 Nd5 14. Qf3 Be6
15. Rfe1 Qd7 16. Be5 Nxe5 17. Rxe5 Nf6 18. Qf4 Rfd8 19. Rd1 Bg4 20. Rde1 Be6
21. Rd1 Bg4 22. Rde1 Be6 23. Rc5 Nd5 24. Qxd4 b6 25. Rxd5 Bxd5 26. Qh4 Bc6 27.
Nc3 Re8 28. Rd1 Qe7 29. Qh3 Rad8 30. Rf1 Rd4 31. f4 Qc5 32. Kh1 Rd7 33. Ne4 Qd4
34. Ng3 Re3 35. Qg4 Re8 36. Qf5 g6 37. Qh3 Rde7 38. f5 Qd5 39. fxg6 Re1 40.
gxf7+ Qxf7 41. Qg4+ Kh8 42. Qd4+ Qg7 43. Qxg7+ Kxg7 44. Nf5+ Kf6 45. Kg1 Rxf1+
46. Kxf1 Rd8 47. Nxh6 Bd7 48. g4 Rf8 49. h4 Ke5+ 50. Kg2 Bc6+ 51. Kg1 Rf3 52.
g5 Rg3+ 53. Kf2 Kf4 54. Nf5 Rg2+ 55. Kf1 Rg4 56. Kf2 Rg2+ 57. Kf1 Rg4 58. Ke2
Rg2+ 59. Kf1 Rg4 60. Ne7 Bd7 61. g6 Be6 62. h5 Rh4 63. g7 Rh1+ 64. Ke2 Rh2+ 65.
Ke1 Rxh5 66. g8=Q Bxg8 67. Nxg8 Ke3 68. Ne7 Rh1+ 69. Bf1 Rh2 70. Nf5+ Kf4 71.
Bd3 Ke5 72. Ng3 Kd4 73. Kd1 a5 74. Nf5+ Kc5 75. b3 b5 76. Kc1 Rh1+ 77. Kb2 Rh2
78. Ng7 Rh6 79. Nf5 Rh2 80. Kc3 b4+ 81. Kb2 Rh3 82. Ng7 Rh6 83. Bc4 Kb6 84. Ne6
Rh2 85. axb4 axb4 86. Nf4 Rh4 87. Nd3 Ka5 88. Kc1 Rh1+ 89. Kd2 Rh2+ 90. Kd1
Rh1+ 91. Ne1 Rh2 92. Be2 Rh1 93. Kd2 Rh8 94. Bc4 Rh2+ 95. Ke3 Rh3+ 96. Nf3 Kb6
97. Ke4 Rh8 98. Ne5 Rh2 99. Bd3 Kc5 100. Nd7+ Kd6 101. Nb8 Rh4+ 102. Ke3 Kc7
103. Na6+ Kb6 104. Bc4 Ka5 105. Nc5 Rh2 106. Bd3 Rh4 107. Ne4 Rh8 108. Kd4 Rd8+
109. Kc5 Rc8+ 110. Kd6 Kb6 111. Nf6 Rd8+ 112. Nd7+ Ka5 113. Bf5 Kb5 114. Kc7
Rg8 115. Bd3+ Ka5 116. Ne5 Rg7+ 117. Kd6 Kb6 118. Nc4+ Kb5 119. Ne5+ Kb6 120.
Nc4+ Kb5 121. Ne3+ Kb6 122. Nd5+ Ka5 123. Ne7 Kb6 124. Bc4 Rh7 125. Nd5+ Ka5
126. Nf4 Rh2 127. Nd3 Rh6+ 128. Kc5 Rc6+ 129. Kd5 Rh6 130. Ne5 Kb6 131. Bd3 Rh5
132. Kd4 Rh4+ 133. Be4 Kb5 134. Nc4 Rh6 135. c3 bxc3 136. Kxc3 Rh3+ 137. Bd3
Rg3 138. Nd2+ Kb6 139. b4 Rh3 140. Ne4 Rh8 141. Nf6 Rh4 142. Nd7+ Kc6 143. Nc5
Rh3 144. Kc4 Rh4+ 145. Be4+ Kb6 146. Na4+ Ka6 147. b5+ Ka5 148. Nc3 Rh5 149.
Bc6 Rc5+ 150. Kd4 Rh5 151. Nd5 Rh1 152. b6 Rb1 153. b7 Ka6 154. Nc7+ Ka7 155.
Nb5+ Rxb5 156. Bxb5 Kxb7 1/2-1/2

[Event "Taastrup 30th Aniversary Open"]
[Site "Taastrup"]
[Date "2002.11.24"]
[Round "3"]
[White "Bromann, Thorbjorn"]
[Black "Nielsen, Niels Peter"]
[Result "1-0"]
[WhiteElo "2366"]
[BlackElo "2147"]
[PlyCount "53"]
[EventDate "2002.11.22"]
[EventType "swiss"]
[EventRounds "9"]
[EventCountry "DEN"]
[Source "ChessBase"]
[SourceDate "2003.01.09"]

1. e4 d5 2. exd5 Nf6 3. d4 Bg4 4. f3 Bf5 5. Bb5+ Bd7 6. Bd3 Nxd5 7. a3 e6 8. c4
Nb6 9. Be3 c5 10. dxc5 Na4 11. b4 Nb2 12. Qc2 Ba4 13. Qxb2 Qxd3 14. Qe2 Qxe2+
15. Nxe2 a5 16. Nec3 Bc2 17. Nb5 Kd7 18. Kd2 Bg6 19. N1c3 Nc6 20. Na4 Rd8 21.
Kc3 Be7 22. Rad1+ Kc8 23. Nb6+ Kb8 24. Nd7+ Kc8 25. Nb6+ Kb8 26. Nd6 Kc7 27. b5
1-0

[Event "Taastrup 30th Aniversary Open"]
[Site "Taastrup"]
[Date "2002.11.30"]
[Round "9"]
[White "Bromann, Thorbjorn"]
[Black "Naes, Flovin Tor"]
[Result "1-0"]
[WhiteElo "2366"]
[BlackElo "2280"]
[PlyCount "99"]
[EventDate "2002.11.22"]
[EventType "swiss"]
[EventRounds "9"]
[EventCountry "DEN"]
[Source "ChessBase"]
[SourceDate "2003.01.09"]

1. e4 e5 2. Nf3 Nf6 3. Nxe5 d6 4. Nf3 Nxe4 5. Bd3 Nc5 6. Be2 d5 7. O-O Bd6 8.
Nc3 c6 9. d4 Ne6 10. Bd3 O-O 11. Ne2 Nd7 12. c3 Qc7 13. Ng3 Nf6 14. Bc2 Bf4 15.
Re1 Bxc1 16. Rxc1 Bd7 17. Ne5 Rfe8 18. Qf3 Ng5 19. Qf4 Ne6 20. Qh4 Nf8 21. Nh5
Nxh5 22. Qxh5 Re7 23. c4 dxc4 24. Re3 Rae8 25. Rf1 f6 26. Nxc4 Be6 27. Qc5 b6
28. Qb4 Bd5 29. Rg3 Qf4 30. Ne3 g6 31. Nxd5 cxd5 32. Bb3 Kg7 33. Rf3 Qg5 34.
Ba4 Ne6 35. Bxe8 Rxe8 36. g3 Qg4 37. Re3 Nf4 38. f3 Nh3+ 39. Kg2 Nf4+ 40. Kg1
Nh3+ 41. Kh1 Qd7 42. Rxe8 Qxe8 43. Re1 Qc8 44. Re7+ Kh6 45. Qd2+ Ng5 46. g4 Qc4
47. Qf2 Qc1+ 48. Kg2 Nxf3 49. Qxf3 Qxb2+ 50. Qf2 1-0

[Event "Taastrup 30th Aniversary Open"]
[Site "Taastrup"]
[Date "2002.11.22"]
[Round "1"]
[White "Bromann, Thorbjorn"]
[Black "Korolev, Nikolaj"]
[Result "1-0"]
[WhiteElo "2366"]
[BlackElo "2178"]
[PlyCount "55"]
[EventDate "2002.11.22"]
[EventType "swiss"]
[EventRounds "9"]
[EventCountry "DEN"]
[Source "ChessBase"]
[SourceDate "2003.01.09"]

1. Nf3 c5 2. c4 Nc6 3. d4 cxd4 4. Nxd4 Nf6 5. Nc3 e6 6. Ndb5 d6 7. Bf4 e5 8.
Bg5 a6 9. Bxf6 gxf6 10. Na3 f5 11. Qd2 Be6 12. Rd1 Qf6 13. Nd5 Bxd5 14. cxd5
Bh6 15. e3 Ne7 16. Qb4 O-O 17. Be2 b5 18. O-O Kh8 19. Nb1 Rg8 20. a4 bxa4 21.
Qxa4 Ng6 22. Nc3 f4 23. Kh1 Rab8 24. Ne4 Qe7 25. Qxa6 Rxb2 26. Nxd6 Nh4 27. Bh5
Ra2 28. Qc6 1-0

[Event "Taastrup 30th Aniversary Open"]
[Site "Taastrup"]
[Date "2002.11.22"]
[Round "1"]
[White "Hansen, Lars Henrik Bech"]
[Black "Niklasch, Oliver"]
[Result "0-1"]
[WhiteElo "2131"]
[BlackElo "2301"]
[PlyCount "66"]
[EventDate "2002.11.22"]
[EventType "swiss"]
[EventRounds "9"]
[EventCountry "DEN"]
[Source "ChessBase"]
[SourceDate "2003.01.09"]

1. e4 c5 2. Nf3 e6 3. d4 cxd4 4. Nxd4 Nc6 5. Nb5 d6 6. N5c3 a6 7. Na3 b5 8.
Bxb5 axb5 9. Naxb5 Ba6 10. a4 Nf6 11. Bf4 Ne5 12. O-O Qb6 13. Be3 Qc6 14. Qd4
Be7 15. Rfd1 Nc4 16. Bc1 O-O 17. b3 Nb6 18. Bb2 Rfd8 19. g4 e5 20. Qe3 Bb7 21.
a5 Nc8 22. Ra4 d5 23. a6 Rxa6 24. Rxa6 Bxa6 25. exd5 Nxd5 26. Qxe5 Nxc3 27.
Rxd8+ Bxd8 28. Nxc3 Bf6 29. Qe3 Bb7 30. f3 h6 31. Kg2 Ne7 32. Qd3 Ng6 33. Kg3
Bh4+ 0-1

[Event "Taastrup 30th Aniversary Open"]
[Site "Taastrup"]
[Date "2002.11.25"]
[Round "4"]
[White "Hansen, Lars Henrik Bech"]
[Black "Nielsen, Michael"]
[Result "1/2-1/2"]
[WhiteElo "2131"]
[BlackElo "2095"]
[PlyCount "31"]
[EventDate "2002.11.22"]
[EventType "swiss"]
[EventRounds "9"]
[EventCountry "DEN"]
[Source "ChessBase"]
[SourceDate "2003.01.09"]

1. e4 c5 2. Nf3 d6 3. d4 cxd4 4. Nxd4 Nf6 5. Nc3 g6 6. Be3 Bg7 7. f3 O-O 8. Qd2
Nc6 9. Bc4 Qa5 10. O-O-O Bd7 11. Kb1 Rfc8 12. Bb3 Ne5 13. g4 Nc4 14. Bxc4 Rxc4
15. Nb3 Qc7 16. e5 1/2-1/2

[Event "Taastrup 30th Aniversary Open"]
[Site "Taastrup"]
[Date "2002.11.27"]
[Round "6"]
[White "Hansen, Lars Henrik Bech"]
[Black "Nohr, Finn"]
[Result "1/2-1/2"]
[WhiteElo "2131"]
[BlackElo "2157"]
[PlyCount "68"]
[EventDate "2002.11.22"]
[EventType "swiss"]
[EventRounds "9"]
[EventCountry "DEN"]
[Source "ChessBase"]
[SourceDate "2003.01.09"]

1. e4 e5 2. Nf3 Nc6 3. d4 exd4 4. Bc4 Nf6 5. e5 Ng4 6. O-O d6 7. Bg5 Be7 8.
Bxe7 Qxe7 9. exd6 Qxd6 10. Re1+ Be6 11. h3 Nge5 12. Nxe5 Nxe5 13. Bxe6 fxe6 14.
Qh5+ Ng6 15. Qb5+ c6 16. Qb3 e5 17. Qxb7 O-O 18. Nd2 a5 19. Ne4 Qd5 20. c4 Qxc4
21. Rac1 Qxa2 22. Rxc6 Rab8 23. Qa7 Rbc8 24. Rb6 Rf7 25. Qa6 Rfc7 26. Ng5 Qc4
27. Rxg6 hxg6 28. Qxg6 Re7 29. Qh7+ Kf8 30. Qh8+ Qg8 31. Nh7+ Kf7 32. Ng5+ Kf8
33. Nh7+ Kf7 34. Ng5+ Kf8 1/2-1/2

[Event "Taastrup 30th Aniversary Open"]
[Site "Taastrup"]
[Date "2002.11.25"]
[Round "4"]
[White "Hartvig, Ove Weiss"]
[Black "Pallesen, Jacob"]
[Result "0-1"]
[WhiteElo "2286"]
[BlackElo "2071"]
[PlyCount "108"]
[EventDate "2002.11.22"]
[EventType "swiss"]
[EventRounds "9"]
[EventCountry "DEN"]
[Source "ChessBase"]
[SourceDate "2003.01.09"]

1. e4 c5 2. Nf3 d6 3. d4 cxd4 4. Nxd4 Nf6 5. Nc3 g6 6. Be3 Bg7 7. f3 O-O 8. Qd2
Nc6 9. O-O-O Nxd4 10. Bxd4 Be6 11. Kb1 Qc7 12. g4 Rfc8 13. h4 Qa5 14. Qg5 Qxg5
15. hxg5 Nd7 16. Bxg7 Kxg7 17. Rh4 Rh8 18. f4 Nb6 19. f5 Bd7 20. Bd3 h6 21.
gxh6+ Rxh6 22. Rxh6 Kxh6 23. Rh1+ Kg7 24. g5 gxf5 25. exf5 Rg8 26. b3 Kf8 27.
Rh5 Bc6 28. a4 Nd7 29. Ne4 Ne5 30. f6 Nxd3 31. cxd3 Bxe4 32. dxe4 Ke8 33. Kc2
exf6 34. gxf6 Kd7 35. e5 Rg6 36. exd6 Rxf6 37. Rb5 b6 38. a5 Rxd6 39. axb6 axb6
40. Kc3 Ke6 41. Rh5 f5 42. Rh8 Ke5 43. Re8+ Kf4 44. Rf8 Ke4 45. Kc4 f4 46. b4
f3 47. Re8+ Kf4 48. Rf8+ Ke3 49. Re8+ Kd2 50. Rf8 Ke2 51. Kb5 Re6 52. Ra8 f2
53. Ra2+ Kf3 54. Ra1 Kg2 0-1

[Event "Taastrup 30th Aniversary Open"]
[Site "Taastrup"]
[Date "2002.11.27"]
[Round "6"]
[White "Hartvig, Ove Weiss"]
[Black "Korolev, Nikolaj"]
[Result "1-0"]
[WhiteElo "2286"]
[BlackElo "2178"]
[PlyCount "37"]
[EventDate "2002.11.22"]
[EventType "swiss"]
[EventRounds "9"]
[EventCountry "DEN"]
[Source "ChessBase"]
[SourceDate "2003.01.09"]

1. e4 c5 2. Nc3 Nc6 3. g3 g6 4. Bg2 Bg7 5. d3 d6 6. f4 e6 7. Nf3 Nge7 8. O-O
O-O 9. Be3 Nd4 10. e5 dxe5 11. fxe5 Rb8 12. Ne4 Nef5 13. Bg5 Qc7 14. g4 Nxf3+
15. Qxf3 Bxe5 16. gxf5 exf5 17. Nf6+ Kg7 18. Nd5 Qd7 19. Bh6+ 1-0

[Event "Taastrup 30th Aniversary Open"]
[Site "Taastrup"]
[Date "2002.11.29"]
[Round "8"]
[White "Hartvig, Ove Weiss"]
[Black "Kongsted, Halfdan Christian"]
[Result "1/2-1/2"]
[WhiteElo "2286"]
[BlackElo "2221"]
[PlyCount "43"]
[EventDate "2002.11.22"]
[EventType "swiss"]
[EventRounds "9"]
[EventCountry "DEN"]
[Source "ChessBase"]
[SourceDate "2003.01.09"]

1. e4 c5 2. Nf3 Nc6 3. d4 cxd4 4. Nxd4 Nf6 5. Nc3 e5 6. Ndb5 d6 7. a4 a6 8. Na3
Bg4 9. f3 Be6 10. Bc4 Rc8 11. b3 Nb4 12. O-O d5 13. exd5 Bc5+ 14. Kh1 Nbxd5 15.
Ne4 Be7 16. Qe2 Nh5 17. Rd1 Qa5 18. Bxd5 Bxd5 19. c4 Bc6 20. Nd6+ Bxd6 21. Rxd6
O-O 22. Bb2 1/2-1/2

[Event "Taastrup 30th Aniversary Open"]
[Site "Taastrup"]
[Date "2002.11.23"]
[Round "2"]
[White "Hartvig, Ove Weiss"]
[Black "Raetsky, Alexander"]
[Result "0-1"]
[WhiteElo "2286"]
[BlackElo "2423"]
[PlyCount "48"]
[EventDate "2002.11.22"]
[EventType "swiss"]
[EventRounds "9"]
[EventCountry "DEN"]
[Source "ChessBase"]
[SourceDate "2003.01.09"]

1. e4 c5 2. Nf3 Nc6 3. d4 cxd4 4. Nxd4 Nf6 5. Nc3 e6 6. Nxc6 bxc6 7. e5 Nd5 8.
Ne4 Qa5+ 9. Bd2 Qc7 10. f4 Qb6 11. c4 Qd4 12. Qb1 Rb8 13. b3 f5 14. exf6 Nxf6
15. Nxf6+ gxf6 16. Be2 Bb4 17. Bxb4 Rxb4 18. Qc1 c5 19. Bh5+ Ke7 20. Bf3 a5 21.
Rb1 Ba6 22. Ke2 Rhb8 23. Qc2 Bxc4+ 24. bxc4 Rb2 0-1

[Event "Taastrup 30th Aniversary Open"]
[Site "Taastrup"]
[Date "2002.11.23"]
[Round "2"]
[White "Hermansson, Emil"]
[Black "Nolsoe, Eydun"]
[Result "1-0"]
[WhiteElo "2370"]
[BlackElo "2236"]
[PlyCount "71"]
[EventDate "2002.11.22"]
[EventType "swiss"]
[EventRounds "9"]
[EventCountry "DEN"]
[Source "ChessBase"]
[SourceDate "2003.01.09"]

1. e4 c5 2. Nf3 d6 3. d4 cxd4 4. Nxd4 Nf6 5. Nc3 a6 6. Be3 e5 7. Nb3 Qc7 8. f3
Be7 9. Qd2 Be6 10. O-O-O Nbd7 11. g4 h6 12. h4 b5 13. Kb1 b4 14. Nd5 Bxd5 15.
exd5 Nb6 16. Qxb4 Nbxd5 17. Rxd5 Nxd5 18. Qe4 Nxe3 19. Qxa8+ Kd7 20. Qe4 Nxf1
21. Qf5+ Ke8 22. Rxf1 Bxh4 23. Qe4 Qc8 24. Nd4 g6 25. f4 Qc4 26. Rd1 Bf6 27. b3
Qc7 28. fxe5 Bxe5 29. Rf1 Qe7 30. Nc6 Qe6 31. Nxe5 Qxe5 32. Qa8+ Ke7 33. Qb7+
Kd8 34. Rxf7 Qe1+ 35. Kb2 Qe5+ 36. c3 1-0

[Event "Taastrup 30th Aniversary Open"]
[Site "Taastrup"]
[Date "2002.11.27"]
[Round "6"]
[White "Hermansson, Emil"]
[Black "Bromann, Thorbjorn"]
[Result "1/2-1/2"]
[WhiteElo "2370"]
[BlackElo "2366"]
[PlyCount "43"]
[EventDate "2002.11.22"]
[EventType "swiss"]
[EventRounds "9"]
[EventCountry "DEN"]
[Source "ChessBase"]
[SourceDate "2003.01.09"]

1. e4 e6 2. d4 d5 3. Nc3 Nf6 4. Bg5 Bb4 5. e5 h6 6. Bd2 Bxc3 7. bxc3 Ne4 8. Qg4
g6 9. Bd3 Nxd2 10. Kxd2 c5 11. h4 Bd7 12. h5 g5 13. f4 Nc6 14. fxg5 Qxg5+ 15.
Qxg5 hxg5 16. Ke3 Ke7 17. g4 c4 18. Be2 Rh6 19. Nf3 Rg8 20. Raf1 Nb8 21. Rf2
Be8 22. Rhf1 1/2-1/2

[Event "Taastrup 30th Aniversary Open"]
[Site "Taastrup"]
[Date "2002.11.25"]
[Round "4"]
[White "Hermansson, Emil"]
[Black "Jakobsen, Ole"]
[Result "1-0"]
[WhiteElo "2370"]
[BlackElo "2381"]
[PlyCount "63"]
[EventDate "2002.11.22"]
[EventType "swiss"]
[EventRounds "9"]
[EventCountry "DEN"]
[Source "ChessBase"]
[SourceDate "2003.01.09"]

1. e4 c5 2. Nf3 d6 3. d4 cxd4 4. Nxd4 Nf6 5. Nc3 a6 6. Be3 e5 7. Nb3 Be7 8. f3
Be6 9. Qd2 Nbd7 10. g4 Qc7 11. O-O-O O-O 12. Kb1 Rfc8 13. g5 Nh5 14. Rg1 b5 15.
Nd5 Bxd5 16. exd5 Nb6 17. Na5 Nxd5 18. Qxd5 Qxa5 19. c4 Rab8 20. Rg4 Qc7 21.
Bd3 g6 22. cxb5 axb5 23. Rc1 Qa5 24. Rgc4 Rc5 25. Bxc5 bxc4 26. Bxc4 Rf8 27.
Be3 Qd8 28. h4 h6 29. Bd3 Kh7 30. Qb7 Nf4 31. Bxf4 exf4 32. Rc7 1-0

[Event "Taastrup 30th Aniversary Open"]
[Site "Taastrup"]
[Date "2002.11.26"]
[Round "5"]
[White "Jakobsen, Ole"]
[Black "Korolev, Nikolaj"]
[Result "1-0"]
[WhiteElo "2381"]
[BlackElo "2178"]
[PlyCount "53"]
[EventDate "2002.11.22"]
[EventType "swiss"]
[EventRounds "9"]
[EventCountry "DEN"]
[Source "ChessBase"]
[SourceDate "2003.01.09"]

1. d4 Nf6 2. c4 e6 3. Nf3 b6 4. Nc3 Bb4 5. Qb3 c5 6. Bg5 Bb7 7. e3 O-O 8. Rd1
Bxf3 9. gxf3 cxd4 10. exd4 Be7 11. Be2 d6 12. f4 Nbd7 13. Rg1 Re8 14. Qc2 Nf8
15. f5 Qd7 16. Bh6 g6 17. fxg6 fxg6 18. h4 Bd8 19. h5 Kh8 20. Rd3 gxh5 21. Bg7+
Qxg7 22. Rxg7 Kxg7 23. Nb5 d5 24. Nd6 Re7 25. cxd5 Rc7 26. Rc3 Rd7 27. Rg3+ 1-0

[Event "Taastrup 30th Aniversary Open"]
[Site "Taastrup"]
[Date "2002.11.29"]
[Round "8"]
[White "Jakobsen, Ole"]
[Black "Bromann, Thorbjorn"]
[Result "0-1"]
[WhiteElo "2381"]
[BlackElo "2366"]
[PlyCount "84"]
[EventDate "2002.11.22"]
[EventType "swiss"]
[EventRounds "9"]
[EventCountry "DEN"]
[Source "ChessBase"]
[SourceDate "2003.01.09"]

1. d4 d5 2. Nf3 Nc6 3. c3 Bg4 4. Qb3 Rb8 5. g3 Bxf3 6. exf3 e5 7. dxe5 Nxe5 8.
Be2 Nf6 9. O-O Bd6 10. Be3 b6 11. Bg5 c6 12. Qa4 O-O 13. Bxf6 Qxf6 14. f4 Ng6
15. Qxc6 Nxf4 16. Bf3 Rfd8 17. Qa4 Nd3 18. Kg2 Nxb2 19. Qb5 Nc4 20. Bxd5 Ne5
21. Nd2 Bc5 22. c4 Qf5 23. Qb1 Qh5 24. Nf3 Rxd5 25. Qe4 Nxf3 26. Qxd5 Qxd5 27.
cxd5 Nd4 28. Rad1 Rd8 29. Rd3 Rxd5 30. Rfd1 Kf8 31. h3 Ke7 32. R1d2 Kd7 33. Rd1
Kc6 34. h4 b5 35. R3d2 b4 36. Rd3 a5 37. Kf1 Kb5 38. Rc1 a4 39. Rd2 Nb3 40.
Rxd5 Nxc1 41. Rd2 b3 42. axb3 axb3 0-1

[Event "Taastrup 30th Aniversary Open"]
[Site "Taastrup"]
[Date "2002.11.23"]
[Round "2"]
[White "Jakobsen, Ole"]
[Black "Naes, Flovin Tor"]
[Result "1/2-1/2"]
[WhiteElo "2381"]
[BlackElo "2280"]
[PlyCount "76"]
[EventDate "2002.11.22"]
[EventType "swiss"]
[EventRounds "9"]
[EventCountry "DEN"]
[Source "ChessBase"]
[SourceDate "2003.01.09"]

1. d4 d5 2. Nf3 e6 3. g3 c5 4. Bg2 Nf6 5. O-O Nc6 6. e3 Be7 7. b3 O-O 8. Bb2
Ne4 9. Nbd2 f5 10. Ne5 Nxe5 11. dxe5 Nxd2 12. Qxd2 Rb8 13. a4 Qc7 14. c4 dxc4
15. bxc4 b6 16. e4 Bb7 17. exf5 Bxg2 18. Kxg2 Qc6+ 19. f3 Rxf5 20. Qe2 Rbf8 21.
Ra3 g5 22. Kg1 h5 23. Bc1 Rd8 24. Bb2 Rdf8 25. Bc1 Rd8 26. Bb2 Kg7 27. Rd1 Rdf8
28. Rf1 h4 29. g4 Rf4 30. h3 Rd8 31. Bc1 Rfd4 32. Be3 R4d7 33. Qc2 a6 34. Rc3
Rf8 35. Kg2 Rfd8 36. Kg1 Qb7 37. Qb1 Rf8 38. Kg2 Qc6 1/2-1/2

[Event "Taastrup 30th Aniversary Open"]
[Site "Taastrup"]
[Date "2002.11.24"]
[Round "3"]
[White "Jakobsen, Ole"]
[Black "Niklasch, Oliver"]
[Result "1/2-1/2"]
[WhiteElo "2381"]
[BlackElo "2301"]
[PlyCount "105"]
[EventDate "2002.11.22"]
[EventType "swiss"]
[EventRounds "9"]
[EventCountry "DEN"]
[Source "ChessBase"]
[SourceDate "2003.01.09"]

1. d4 Nf6 2. c4 e6 3. Nf3 b6 4. Nc3 Bb7 5. a3 d5 6. cxd5 Nxd5 7. Qc2 Be7 8. e4
Nxc3 9. bxc3 O-O 10. Bd3 c5 11. O-O Qc8 12. Qe2 Ba6 13. Bf4 Bxd3 14. Qxd3 Qa6
15. Qe3 Nd7 16. a4 Rac8 17. d5 exd5 18. exd5 Bf6 19. Nd2 Rfe8 20. Qf3 Qe2 21.
Qxe2 Rxe2 22. Rfc1 Be5 23. Kf1 Re8 24. Kxe2 Bxf4+ 25. Kd3 c4+ 26. Kxc4 Bxd2 27.
Rc2 Bf4 28. Kb5 Rc8 29. c4 Bd6 30. a5 Kf8 31. axb6 axb6 32. Ra7 Ke8 33. g3 Kd8
34. Raa2 Rc5+ 35. Ka4 Ne5 36. Kb3 b5 37. Ra8+ Ke7 38. cxb5 Rxb5+ 39. Ka2 Rxd5
40. f4 Nd3 41. Re2+ Kf6 42. Kb1 Nc5 43. Kc2 Ne6 44. Rd2 Rxd2+ 45. Kxd2 h5 46.
Ke2 h4 47. Kf3 hxg3 48. hxg3 g5 49. Ra6 Bc7 50. fxg5+ Kxg5 51. Ra4 Be5 52. Ra5
f6 53. Ke4 1/2-1/2

[Event "Taastrup 30th Aniversary Open"]
[Site "Taastrup"]
[Date "2002.11.29"]
[Round "8"]
[White "Koerholz, Ludger"]
[Black "Nordenbaek, Jan"]
[Result "1-0"]
[WhiteElo "2356"]
[BlackElo "2237"]
[PlyCount "149"]
[EventDate "2002.11.22"]
[EventType "swiss"]
[EventRounds "9"]
[EventCountry "DEN"]
[Source "ChessBase"]
[SourceDate "2003.01.09"]

1. c4 Nf6 2. Nc3 g6 3. g3 Bg7 4. Bg2 O-O 5. Nf3 d6 6. O-O e5 7. d4 Nbd7 8. Qc2
exd4 9. Nxd4 Re8 10. Rd1 a5 11. Ndb5 Nc5 12. e4 Bd7 13. Bf4 Ng4 14. Nxc7 Qxc7
15. Bxd6 Qc8 16. Bxc5 Qxc5 17. Rxd7 Qxc4 18. Rad1 Rab8 19. Qb3 Qxb3 20. axb3 b5
21. R1d2 Rec8 22. Ne2 a4 23. f4 axb3 24. e5 Ne3 25. Bd5 Nxd5 26. R7xd5 Bf8 27.
Nc3 Bb4 28. R5d3 Ra8 29. Nd5 Bxd2 30. Ne7+ Kf8 31. Nxc8 Rxc8 32. Rxd2 Rc2 33.
Rf2 h5 34. Kf1 Ke7 35. Ke1 Rc4 36. Rd2 g5 37. f5 h4 38. Kd1 Re4 39. Rd5 b4 40.
Kd2 hxg3 41. hxg3 Rc4 42. Kd1 g4 43. Rd3 Re4 44. Rxb3 Rxe5 45. Rxb4 Rxf5 46.
Rxg4 Rf2 47. Kc1 Ke6 48. Kb1 f5 49. Rc4 Ke5 50. Rc2 Rf3 51. Re2+ Kd4 52. Rg2
Kc4 53. Kc2 Kb4 54. Kd2 Rb3 55. Kc1 Rf3 56. Kc2 Kc4 57. Kd2 Rb3 58. Ke1 Rf3 59.
Ke2 Rb3 60. Kf1 Kd4 61. Rd2+ Ke3 62. Rf2 Ke4 63. Kg2 Rb5 64. b4 Ke5 65. Rf4 Rd5
66. Rf2 Rb5 67. Rb2 f4 68. g4 Ke4 69. Rb1 Ke3 70. Re1+ Kd3 71. Kf3 Rxb4 72.
Rd1+ Kc3 73. g5 Rb2 74. g6 Rb8 75. Rg1 1-0